Complete Lifestyle Modification Management Through Nutrition Exercise and Yoga/ (Record no. 208718)
[ view plain ]
| 000 -LEADER | |
|---|---|
| fixed length control field | 00805nam a22002297a 4500 |
| 005 - DATE AND TIME OF LATEST TRANSACTION | |
| control field | 20250124115513.0 |
| 010 ## - LCCN (DPL NO) | |
| LC control number | ENG-143579 |
| 020 ## - INTERNATIONAL STANDARD BOOK NUMBER | |
| Terms of availability | 295.00 |
| International Standard Book Number | 9788179066713 |
| 035 ## - SYSTEM CONTROL NUMBER | |
| System control number | EN-127111 |
| 037 ## - SOURCE OF ACQUISITION | |
| Source of stock number/acquisition | DBAD |
| 082 ## - DEWEY DECIMAL CLASSIFICATION NUMBER | |
| Classification number | 613.47 |
| 100 ## - MAIN ENTRY--PERSONAL NAME | |
| Personal name | Garima Babel,Niharika Paliwal |
| 245 ## - TITLE STATEMENT | |
| Title | Complete Lifestyle Modification Management Through Nutrition Exercise and Yoga/ |
| Statement of responsibility, etc | By Garima Babel [and] Niharika Paliwal |
| 250 ## - EDITION STATEMENT | |
| Edition statement | 1 |
| 260 ## - PUBLICATION, DISTRIBUTION, ETC. (IMPRINT) | |
| Place of publication, distribution, etc | Udaipur |
| Name of publisher, distributor, etc | Himanshu Publications |
| Date of publication, distribution, etc | 2017 |
| 260 ## - PUBLICATION, DISTRIBUTION, ETC. (IMPRINT) | |
| Place of publication, distribution, etc | New Delhi |
| Name of publisher, distributor, etc | Himanshu Publications |
| Date of publication, distribution, etc | 2009 |
| 270 ## - ADDRESS | |
| City | Udaipur |
| Postal code | 313002 |
| Address | 464, Sector 11, Hiren Magri, |
| 270 ## - ADDRESS | |
| City | New Delhi |
| Address | 4379/4-B, Prakash House, Ansari Road, Daryaganj, |
| 300 ## - PHYSICAL DESCRIPTION | |
| Extent | 76p. |
| Dimensions | 22cm(Hb) |
| 700 ## - ADDED ENTRY--PERSONAL NAME | |
| Personal name | Paliwal, Niharika |
| 9 (RLIN) | 76944 |
| 942 ## - ADDED ENTRY ELEMENTS (KOHA) | |
| Source of classification or shelving scheme | Dewey Decimal Classification |
| Item type | English Books |
| Classification part | 613.47 |
| Call number suffix | BAB |
| Withdrawn status | Lost status | Not for loan | Collection code | Home library | Current library | Date acquired | Source of acquisition | Cost, normal purchase price | Full call number | Barcode | Copy number | Cost, replacement price | Koha item type |
|---|---|---|---|---|---|---|---|---|---|---|---|---|---|
| Non-fiction | D.B.Act.Division | D.B.Act.Division | 24/01/2025 | Delivery of Books Act Division | 295.00 | 613.47 BAB | EN-127111 | 1 | 295.00 | English Books |
